[Event "Hvar Arsenal blitz op 2nd"]
[Site "Hvar"]
[Date "2023.10.19"]
[Round "1"]
[White "Domancic, Josip"]
[Black "Gal, Andrej"]
[Result "0-1"]
[WhiteElo "1635"]
[BlackElo "2037"]
[PlyCount "80"]
[EventDate "2023.10.19"]
[EventType "swiss (blitz)"]
[EventRounds "11"]
[EventCountry "CRO"]
[SourceTitle "Mega2024 Update 01"]
[Source "Chessbase"]
[SourceDate "2023.11.12"]
[SourceVersion "1"]
[SourceVersionDate "2023.11.12"]
[SourceQuality "1"]

1. d4 Nf6 2. c4 g6 3. Nc3 Bg7 4. e4 d6 5. Bd3 0-0 6. Nf3 Nc6 7. 0-0 e5 8. d5 Ne7 9. Be3 Ng4 10. Qd2 Nxe3 11. fxe3 f5 12. exf5 gxf5 13. e4 f4 14. b4 Kh8 15. c5 Rg8 16. Qf2 Ng6 17. cxd6 cxd6 18. Rac1 Bf6 19. Kh1 Qd7 20. Nb5 Bd8 21. Nc3 Bb6 22. Qe1 Qg7 23. Rc2 Bg4 24. Nh4 Nxh4 25. Qxh4 f3 26. Rg1 Bxg1 27. Kxg1 Raf8 28. Nb5 Qd7 29. Rf2 fxg2 30. Rxg2 Bf3 31. Rxg8+ Rxg8+ 32. Kf2 Qf7 33. Ke3 Bh5 34. Qh3 Qg6 35. Be2 Bxe2 36. Kxe2 Rf8 37. Kd3 a6 38. Nc7 Qg1 39. Ne6 Qd1+ 40. Kc4 Rc8+ 0-1

[Event "Vrsar op"]
[Site "Vrsar"]
[Date "2023.05.01"]
[Round "9"]
[White "Gal, Andrej"]
[Black "Jocev, Milan"]
[Result "0-1"]
[WhiteElo "2042"]
[BlackElo "2301"]
[PlyCount "84"]
[EventDate "2023.04.25"]
[EventType "swiss"]
[EventRounds "9"]
[EventCountry "CRO"]
[SourceTitle "CBM 214 Extra"]
[Source "ChessBase"]
[SourceDate "2023.07.31"]
[SourceVersion "1"]
[SourceVersionDate "2023.07.31"]
[SourceQuality "1"]

1. d4 d5 2. c4 c6 3. Nf3 Nf6 4. g3 Bf5 5. Nc3 e6 6. Nh4 Be4 7. f3 Bg6 8. Qb3 Qb6 9. Nxg6 hxg6 10. c5 Qc7 11. Bf4 Qc8 12. Bg2 Nbd7 13. e4 dxe4 14. Nxe4 Nxe4 15. fxe4 e5 16. dxe5 Nxc5 17. Qc2 Qd8 18. 0-0 Ne6 19. Be3 Be7 20. Qf2 0-0 21. Bh3 Qa5 22. Bxe6 fxe6 23. Qe2 Bc5 24. Bxc5 Qxc5+ 25. Kh1 Qxe5 26. Qg4 Rf6 27. Rxf6 Qxf6 28. Qe2 Rf8 29. Kg2 Qd4 30. Rd1 Rf2+ 31. Qxf2 Qxd1 32. Qxa7 Qc2+ 33. Kh3 Qxb2 34. Qa5 Kh7 35. e5 b5 36. Qc7 Qxa2 37. Qxc6 Qc4 38. Qd6 b4 39. g4 b3 40. Qd2 Qc2 41. Qe1 Qd3+ 42. Kg2 b2 0-1

[Event "Vrsar op"]
[Site "Vrsar"]
[Date "2023.04.29"]
[Round "6"]
[White "Kien, James"]
[Black "Gal, Andrej"]
[Result "0-1"]
[WhiteElo "1732"]
[BlackElo "2042"]
[PlyCount "72"]
[EventDate "2023.04.25"]
[EventType "swiss"]
[EventRounds "9"]
[EventCountry "CRO"]
[SourceTitle "CBM 214 Extra"]
[Source "ChessBase"]
[SourceDate "2023.07.31"]
[SourceVersion "1"]
[SourceVersionDate "2023.07.31"]
[SourceQuality "1"]

1. e4 c5 2. Nf3 d6 3. c3 Nf6 4. Be2 Bd7 5. e5 dxe5 6. Nxe5 Nc6 7. Nxd7 Qxd7 8. 0-0 e6 9. a4 Be7 10. d3 0-0 11. Nd2 Rfd8 12. Nc4 Qc7 13. Bg5 Nd5 14. Bxe7 Ncxe7 15. Qc2 Rd7 16. Rfd1 Rad8 17. g3 b6 18. d4 cxd4 19. Rxd4 Nc6 20. Rh4 Nf6 21. Rd1 Rxd1+ 22. Bxd1 Ne5 23. Be2 g6 24. Qc1 Nxc4 25. Rxc4 Qe5 26. Bf1 Kg7 27. b3 h5 28. b4 Rd7 29. Rc8 Qf5 30. c4 Qf3 31. c5 Rd1 32. Qe3 Qb7 33. cxb6 Qxc8 34. bxa7 Qc4 35. Kg2 Qxf1+ 36. Kf3 Qh1+ 0-1

[Event "Vrsar op"]
[Site "Vrsar"]
[Date "2023.04.27"]
[Round "4"]
[White "Marjanovic, Gyorgy"]
[Black "Gal, Andrej"]
[Result "1-0"]
[WhiteElo "1992"]
[BlackElo "2042"]
[PlyCount "71"]
[EventDate "2023.04.25"]
[EventType "swiss"]
[EventRounds "9"]
[EventCountry "CRO"]
[SourceTitle "CBM 214 Extra"]
[Source "ChessBase"]
[SourceDate "2023.07.31"]
[SourceVersion "1"]
[SourceVersionDate "2023.07.31"]
[SourceQuality "1"]

1. e4 c5 2. Nf3 d6 3. Bb5+ Nd7 4. c3 Ngf6 5. Qe2 a6 6. Ba4 e6 7. 0-0 b5 8. Bc2 Bb7 9. d3 Be7 10. h3 0-0 11. Bf4 Re8 12. Nbd2 Qc7 13. Rac1 e5 14. Bg5 d5 15. Rfe1 Rad8 16. Nf1 dxe4 17. dxe4 Nh5 18. Bxe7 Nf4 19. Qe3 Rxe7 20. Rcd1 Ree8 21. Rd2 Nb6 22. Rxd8 Rxd8 23. b3 a5 24. Rd1 Rxd1 25. Bxd1 b4 26. c4 Nc8 27. Kh2 f6 28. N1d2 Nd6 29. Ne1 Qc6 30. f3 Nf7 31. Nd3 Ne6 32. Nf2 Nd6 33. Qd3 Ng5 34. Nf1 Ne6 35. g3 Qd7 36. Ne3 1-0

[Event "Vrsar op"]
[Site "Vrsar"]
[Date "2023.04.25"]
[Round "1"]
[White "Gal, Andrej"]
[Black "Azinovic, Igor"]
[Result "1-0"]
[WhiteElo "2042"]
[BlackElo "1681"]
[PlyCount "61"]
[EventDate "2023.04.25"]
[EventType "swiss"]
[EventRounds "9"]
[EventCountry "CRO"]
[SourceTitle "CBM 214 Extra"]
[Source "ChessBase"]
[SourceDate "2023.07.31"]
[SourceVersion "1"]
[SourceVersionDate "2023.07.31"]
[SourceQuality "1"]

1. d4 d5 2. c4 dxc4 3. e4 e5 4. Nf3 Bb4+ 5. Bd2 Bxd2+ 6. Nbxd2 exd4 7. Bxc4 Bg4 8. Bxf7+ Kxf7 9. Ne5+ Kf8 10. Qxg4 Nf6 11. Qh3 Qe8 12. f4 Nc6 13. 0-0 Nxe5 14. fxe5 Qxe5 15. Rf5 Qe6 16. e5 Re8 17. Raf1 Ke7 18. exf6+ gxf6 19. Kh1 Qe2 20. Qh6 Rhg8 21. R5f2 Qe3 22. Qxf6+ Kd7 23. Qf5+ Kd8 24. Nb3 Rg5 25. Qf6+ Kc8 26. Nxd4 Rge5 27. Nf3 R5e6 28. Qf5 Kb8 29. h3 Qh6 30. Nd4 Re4 31. Qxe4 1-0

[Event "CRO-ch U15"]
[Site "Trogir"]
[Date "2022.06.26"]
[Round "8"]
[White "Gal, Andrej"]
[Black "Volic, Duje"]
[Result "1-0"]
[WhiteElo "1883"]
[BlackElo "1387"]
[PlyCount "93"]
[EventDate "2022.06.22"]
[EventType "swiss"]
[EventRounds "9"]
[EventCountry "CRO"]
[SourceTitle "CBM 209 Extra"]
[Source "ChessBase"]
[SourceDate "2022.09.30"]
[SourceVersion "1"]
[SourceVersionDate "2022.09.30"]
[SourceQuality "1"]

1. d4 d5 2. c4 e6 3. Nc3 Nf6 4. cxd5 exd5 5. Bg5 Nbd7 6. e3 Be7 7. Bd3 0-0 8. Nge2 Re8 9. Qc2 c6 10. 0-0 h6 11. Bh4 Ne4 12. Bxe7 Qxe7 13. Rae1 Ndf6 14. f3 Nxc3 15. Nxc3 Be6 16. a3 Rad8 17. Kh1 c5 18. dxc5 Qxc5 19. Nb5 Qxc2 20. Bxc2 a6 21. Nd4 Rc8 22. Rc1 g6 23. Kg1 Kg7 24. Kf2 Nd7 25. Ba4 b5 26. Bc2 Ne5 27. b3 Nc6 28. Bd3 Nxd4 29. exd4 Bd7 30. Rc5 Rxc5 31. dxc5 Bc6 32. Re1 Rxe1 33. Kxe1 Kf6 34. Kd2 Ke5 35. Ke3 g5 36. g3 d4+ 37. Ke2 a5 38. Be4 b4 39. axb4 Bb5+ 40. Bd3 Bxd3+ 41. Kxd3 axb4 42. c6 Kd6 43. Kxd4 Kxc6 44. Kc4 f5 45. Kxb4 f4 46. gxf4 gxf4 47. Ka5 1-0

[Event "CRO-ch U15"]
[Site "Trogir"]
[Date "2022.06.22"]
[Round "2"]
[White "Gal, Andrej"]
[Black "Radic, Len"]
[Result "1-0"]
[WhiteElo "1883"]
[BlackElo "1476"]
[PlyCount "81"]
[EventDate "2022.06.22"]
[EventType "swiss"]
[EventRounds "9"]
[EventCountry "CRO"]
[SourceTitle "CBM 209 Extra"]
[Source "ChessBase"]
[SourceDate "2022.09.30"]
[SourceVersion "1"]
[SourceVersionDate "2022.09.30"]
[SourceQuality "1"]

1. d4 d5 2. c4 Nc6 3. Nf3 Bg4 4. cxd5 Bxf3 5. gxf3 Qxd5 6. e3 e5 7. Nc3 Bb4 8. Bd2 Bxc3 9. bxc3 Qd6 10. Rb1 Rb8 11. Be2 Nge7 12. 0-0 0-0 13. Kh1 f5 14. Qc2 Rf6 15. Rg1 b6 16. Rg2 Rbf8 17. Rbg1 Rg6 18. Bc1 Rxg2 19. Rxg2 Rf6 20. Qb3+ Kh8 21. Ba3 Qd8 22. Qc2 Qc8 23. dxe5 Rg6 24. Rxg6 Nxg6 25. f4 Nge7 26. Qd3 Qe6 27. c4 Qc8 28. Bf3 a5 29. Qc3 Qd8 30. Bb2 Nb4 31. e6 Qg8 32. a3 Nbc6 33. Bd5 Qf8 34. Qd3 Qd8 35. Kg1 Kg8 36. Qc3 Qf8 37. Bf3 Kh8 38. Qd3 Qd8 39. Qd7 Qxd7 40. exd7 Kg8 41. Be5 1-0

[Event "EU-ch Hybrid U12"]
[Site "Tornelo INT"]
[Date "2021.10.15"]
[Round "8"]
[White "Gal, Andrej"]
[Black "Liu, Jason1111"]
[Result "1/2-1/2"]
[WhiteElo "1904"]
[BlackElo "1637"]
[PlyCount "62"]
[EventDate "2021.10.15"]
[EventType "swiss"]
[EventRounds "9"]
[EventCountry "NET"]
[SourceTitle "EXT 2023"]
[Source "ChessBase"]
[SourceDate "2022.10.05"]
[SourceVersion "1"]
[SourceVersionDate "2022.10.05"]
[SourceQuality "1"]
[WhiteTeam "Croatia"]
[BlackTeam "Irland"]
[WhiteTeamCountry "CRO"]
[BlackTeamCountry "IRL"]

1. d4 e6 2. c4 b6 3. a3 Bb7 4. Nc3 f5 5. d5 Na6 6. g3 Nf6 7. Bg2 Bd6 8. Nh3 0-0 9. 0-0 Qe7 10. Qc2 Nc5 11. Bf4 Nce4 12. Bxd6 Nxd6 13. b3 Nde4 14. Nxe4 fxe4 15. dxe6 Qxe6 16. Nf4 Qe5 17. h4 Rae8 18. Rad1 d6 19. b4 Ng4 20. e3 Qf5 21. Bh3 g5 22. Qe2 gxf4 23. Qxg4+ Qxg4 24. Bxg4 f3 25. Rd4 Re5 26. Rfd1 Kf7 27. Kf1 Ke7 28. Ke1 Rf6 29. R4d2 Rf7 30. Bh3 Rg7 31. Rd4 Ba6 1/2-1/2

[Event "CRO-ch U13"]
[Site "Trogir"]
[Date "2021.06.21"]
[Round "4"]
[White "Mlinaric, Simun"]
[Black "Gal, Andrej"]
[Result "0-1"]
[WhiteElo "1369"]
[BlackElo "1770"]
[PlyCount "98"]
[EventDate "2021.06.18"]
[EventType "swiss"]
[EventRounds "9"]
[EventCountry "CRO"]
[SourceTitle "EXT 2022"]
[Source "ChessBase"]
[SourceDate "2021.10.06"]
[SourceVersion "1"]
[SourceVersionDate "2021.10.06"]
[SourceQuality "1"]

1. d4 Nf6 2. Nf3 g6 3. g3 Bg7 4. Bg2 0-0 5. 0-0 d6 6. c4 Nc6 7. Nc3 e5 8. d5 Nb8 9. e4 a5 10. Qc2 Na6 11. a3 Nc5 12. Be3 Ng4 13. Bxc5 dxc5 14. Nd2 Nf6 15. Rab1 Qe7 16. Na4 Bd7 17. Nc3 Ne8 18. f4 f6 19. fxe5 fxe5 20. Rxf8+ Bxf8 21. Rf1 Nd6 22. Qd3 Bh6 23. Nb3 b6 24. Nc1 a4 25. N1e2 Kg7 26. Kh1 Bg5 27. Ng1 h5 28. Bh3 Bxh3 29. Nxh3 Bh6 30. Nb5 Nxb5 31. cxb5 Rf8 32. Kg2 g5 33. Rxf8 Qxf8 34. b3 g4 35. Nf2 Qf3+ 36. Qxf3 gxf3+ 37. Kxf3 axb3 38. Nd1 Bc1 39. Ke2 c4 40. a4 Kf6 41. h4 Ke7 42. Nc3 Bb2 43. Kd2 Bxc3+ 44. Kxc3 Kd7 45. Kb2 Kd6 46. Kc3 Kc5 47. Kb2 Kb4 48. g4 hxg4 49. h5 c3+ 0-1

[Event "Wch FIDE Online U12 Europe qual"]
[Site "Tornelo INT"]
[Date "2020.12.09"]
[Round "7"]
[White "Todev, Simeon"]
[Black "Gal, Andrej"]
[Result "1-0"]
[WhiteElo "1703"]
[BlackElo "1746"]
[PlyCount "71"]
[EventDate "2020.12.07"]
[EventType "swiss (rapid)"]
[EventRounds "7"]
[EventCountry "ISS"]
[SourceTitle "EXT 2022"]
[Source "ChessBase"]
[SourceDate "2021.10.06"]
[SourceVersion "1"]
[SourceVersionDate "2021.10.06"]
[SourceQuality "1"]

1. e4 c5 2. Nf3 Nc6 3. c3 d5 4. e5 Bg4 5. Bb5 e6 6. 0-0 Nge7 7. d4 a6 8. Bxc6+ Nxc6 9. Be3 Be7 10. Nbd2 0-0 11. h3 Bh5 12. Qb3 cxd4 13. cxd4 b5 14. Rac1 Qb6 15. a4 Rfc8 16. axb5 axb5 17. Qd3 Bg6 18. Qe2 Nb4 19. Rxc8+ Rxc8 20. Ne1 Ra8 21. Nb3 Ra2 22. Qd2 Qc6 23. Nc5 Bxc5 24. dxc5 Na6 25. Nd3 Bxd3 26. Qxd3 Rxb2 27. Qa3 Rc2 28. Ra1 Nc7 29. Qa7 h6 30. Qb8+ Kh7 31. Ra7 Na6 32. Qf8 Nc7 33. Qxf7 Ne8 34. Re7 d4 35. Rxe6 Qe4 36. Rxh6# 1-0